[Event "Medellin Flores op 30th"]
[Site "Medellin"]
[Date "2023.08.06"]
[Round "6"]
[White "Sierra Mejia, Juan Pablo"]
[Black "Orbe Vivero, Veronica Priscila"]
[Result "1-0"]
[WhiteElo "2154"]
[BlackElo "1814"]
[PlyCount "83"]
[EventDate "2023.08.03"]
[EventType "swiss"]
[EventRounds "9"]
[EventCountry "COL"]
[SourceTitle "CBM 215 Extra"]
[Source "ChessBase"]
[SourceDate "2023.09.30"]
[SourceVersion "1"]
[SourceVersionDate "2023.09.30"]
[SourceQuality "1"]

1. d4 Nf6 2. c4 g6 3. Nc3 Bg7 4. e4 d6 5. Nf3 0-0 6. Be2 Nc6 7. 0-0 e5 8. d5 Ne7 9. Bg5 h6 10. Bxf6 Bxf6 11. b4 Bg7 12. Nd2 f5 13. f3 a5 14. a3 h5 15. c5 Kh8 16. Nc4 Ng8 17. cxd6 cxd6 18. bxa5 Bh6 19. Rb1 Bf4 20. Qe1 Rxa5 21. Nxa5 Qxa5 22. Nb5 Bd2 23. Qd1 Be3+ 24. Kh1 Bc5 25. f4 exf4 26. Rxf4 Qd8 27. Bd3 Be3 28. Rf1 f4 29. Be2 Nf6 30. Qd3 Nd7 31. Qc3+ Ne5 32. Qc7 Qg5 33. Nxd6 Bd7 34. Rxb7 f3 35. Bxf3 Bf4 36. Rb8 Rxb8 37. Qxb8+ Kh7 38. g3 Bxg3 39. Nf7 Nxf7 40. Qxg3 Qd2 41. Bg2 Kg7 42. Qf2 1-0

[Event "Medellin Easter op 10th"]
[Site "Medellin"]
[Date "2022.04.14"]
[Round "3"]
[White "Sierra Mejia, Juan Pablo"]
[Black "Zapata Cuartas, Juan Carlos"]
[Result "1-0"]
[WhiteElo "2162"]
[BlackElo "2047"]
[PlyCount "61"]
[EventDate "2022.04.13"]
[EventType "swiss"]
[EventRounds "8"]
[EventCountry "COL"]
[SourceTitle "CBM 207 Extra"]
[Source "ChessBase"]
[SourceDate "2022.05.31"]
[SourceVersion "1"]
[SourceVersionDate "2022.05.31"]
[SourceQuality "1"]

1. d4 Nf6 2. c4 e6 3. Nc3 Bb4 4. Qc2 0-0 5. e4 c5 6. dxc5 Bxc5 7. Bg5 Qa5 8. Bxf6 gxf6 9. Nf3 Nc6 10. Be2 Nd4 11. Nxd4 Bxd4 12. 0-0 Bxc3 13. bxc3 d6 14. Rad1 Qe5 15. f4 Qc5+ 16. Kh1 Bd7 17. Rd3 Kh8 18. Rfd1 Qa3 19. Qb3 Qc5 20. Qxb7 Bc6 21. Qe7 Bxe4 22. Qxf6+ Kg8 23. Rg3+ Bg6 24. Rg5 Qf2 25. Bd3 Rab8 26. Rf1 Qd2 27. Rg3 Rfc8 28. h4 Kf8 29. f5 exf5 30. h5 Bxh5 31. Qxd6+ 1-0

[Event "Medellin Raza op"]
[Site "Medellin"]
[Date "2021.10.08"]
[Round "5"]
[White "Sierra Mejia, Juan Pablo"]
[Black "Campos Gomez, Manuel"]
[Result "0-1"]
[WhiteElo "2145"]
[BlackElo "2082"]
[PlyCount "70"]
[EventDate "2021.10.06"]
[EventType "swiss"]
[EventRounds "9"]
[EventCountry "COL"]
[SourceTitle "EXT 2023"]
[Source "ChessBase"]
[SourceDate "2022.10.05"]
[SourceVersion "1"]
[SourceVersionDate "2022.10.05"]
[SourceQuality "1"]

1. d4 Nf6 2. c4 b6 3. Nc3 Bb7 4. Nf3 e6 5. d5 Bd6 6. g3 exd5 7. cxd5 0-0 8. Bg2 Na6 9. a3 c6 10. Nd4 Nxd5 11. Nxd5 cxd5 12. Nf5 Qf6 13. Nxd6 Qxd6 14. Bf4 Qe6 15. b4 Rfe8 16. 0-0 Rac8 17. Qa4 Rc4 18. Rfc1 Nc5 19. Qd1 Ne4 20. Rxc4 dxc4 21. Qd4 d5 22. Rd1 h6 23. h4 Bc6 24. Kh2 Ba4 25. Rc1 Nf6 26. Bf3 Qf5 27. Be3 Ne4 28. Bg2 Qe5 29. Qxe5 Rxe5 30. Bd4 Re8 31. f3 Nd2 32. e3 Nb3 33. Rc3 Nxd4 34. exd4 Re2 35. g4 Rd2 0-1

[Event "Medellin Raza op"]
[Site "Medellin"]
[Date "2021.10.07"]
[Round "3"]
[White "Leon Acevedo, Juan Alejandro"]
[Black "Sierra Mejia, Juan Pablo"]
[Result "0-1"]
[WhiteElo "1838"]
[BlackElo "2145"]
[PlyCount "82"]
[EventDate "2021.10.06"]
[EventType "swiss"]
[EventRounds "9"]
[EventCountry "COL"]
[SourceTitle "EXT 2023"]
[Source "ChessBase"]
[SourceDate "2022.10.05"]
[SourceVersion "1"]
[SourceVersionDate "2022.10.05"]
[SourceQuality "1"]

1. d4 d5 2. c4 e6 3. Nf3 dxc4 4. e3 c5 5. Bxc4 Nf6 6. 0-0 a6 7. dxc5 Qxd1 8. Rxd1 Bxc5 9. Nc3 b5 10. Bd3 Bb7 11. Nd2 Nbd7 12. Nde4 Be7 13. Nxf6+ Nxf6 14. b3 b4 15. Ne2 Nd7 16. Bb2 Rc8 17. Nf4 Bf6 18. Bxf6 gxf6 19. Rac1 Ke7 20. f3 f5 21. Kf2 Rhd8 22. Rc4 Nc5 23. Ke2 Nxd3 24. Nxd3 Rxc4 25. bxc4 a5 26. Nc5 Rxd1 27. Kxd1 Bc6 28. Nb3 a4 29. Nd4 Kd6 30. Kc2 Bd7 31. f4 Kc5 32. Nf3 f6 33. Kd3 Bc6 34. Nd2 Bxg2 35. Kc2 Bb7 36. h4 Be4+ 37. Kb2 Bd3 38. h5 h6 39. Nf3 Bxc4 40. Nd4 a3+ 41. Kb1 e5 0-1

[Event "Feria de las Flores 28th"]
[Site "Medellin"]
[Date "2021.08.06"]
[Round "5"]
[White "Sierra Mejia, Juan Pablo"]
[Black "Castano, Jhon Edison"]
[Result "0-1"]
[WhiteElo "2176"]
[BlackElo "2048"]
[PlyCount "104"]
[EventDate "2021.08.04"]
[EventType "swiss"]
[EventRounds "9"]
[EventCountry "COL"]
[SourceTitle "EXT 2022"]
[Source "ChessBase"]
[SourceDate "2021.10.06"]
[SourceVersion "1"]
[SourceVersionDate "2021.10.06"]
[SourceQuality "1"]

1. d4 d5 2. c4 e6 3. Nc3 Be7 4. Nf3 Nf6 5. Bg5 0-0 6. e3 h6 7. Bxf6 Bxf6 8. Qd2 Nc6 9. 0-0-0 dxc4 10. Bxc4 Na5 11. Bd3 c5 12. dxc5 b6 13. Be4 Rb8 14. Qxd8 Bxd8 15. b4 f5 16. Bd3 Bf6 17. Kc2 Nc6 18. b5 Nb4+ 19. Kb3 bxc5 20. Bc4 a6 21. a4 Kh7 22. Rd6 Be7 23. Rd2 Nc6 24. Kc2 Nb4+ 25. Kb3 Nc6 26. Kc2 Nb4+ 27. Kb3 axb5 28. Nxb5 Nc6 29. Ka3 Na5 30. Ba2 c4+ 31. Kb2 Bb7 32. Rc1 Rfc8 33. Kc3 Bd5 34. Rcd1 Bf6+ 35. Nfd4 Bxg2 36. Kb4 Be7+ 37. Kc3 Bf6 38. Kb4 c3 39. Kxa5 Ra8+ 40. Kb4 Be7+ 41. Kb3 Bd5+ 42. Kc2 cxd2+ 43. Kb2 Bxa2 44. Kxa2 Bb4 45. Kb2 Ra6 46. Nf3 e5 47. Nxe5 Rxa4 48. Nd3 Ra5 49. Nd4 Bc3+ 50. Kb3 Bxd4 51. exd4 Rb5+ 52. Ka4 Rb7 0-1

[Event "Medellin Aristizabal Cup"]
[Site "Medellin"]
[Date "2020.11.20"]
[Round "3"]
[White "Sanchez Arroyave, Juan Pablo"]
[Black "Sierra Mejia, Juan Pablo"]
[Result "0-1"]
[WhiteElo "1835"]
[BlackElo "2180"]
[PlyCount "40"]
[EventDate "2020.11.18"]
[EventType "swiss"]
[EventRounds "7"]
[EventCountry "COL"]
[SourceTitle "CBM 199 Extra"]
[Source "ChessBase"]
[SourceDate "2021.01.31"]
[SourceVersion "1"]
[SourceVersionDate "2021.01.31"]
[SourceQuality "1"]

1. d4 d5 2. c4 e6 3. Nf3 Nf6 4. g3 Be7 5. Bg2 0-0 6. 0-0 b6 7. cxd5 exd5 8. Nc3 h6 9. Bf4 Bb7 10. Rc1 c5 11. dxc5 bxc5 12. Na4 Na6 13. a3 d4 14. Ne5 Bxg2 15. Kxg2 g5 16. Qd3 Qd5+ 17. Nf3 Qc6 18. Qxd4 gxf4 19. Qxf4 Kg7 20. Kg1 Qe4 0-1

[Event "Medellin Raza op 9th"]
[Site "Medellin"]
[Date "2019.10.12"]
[Round "3"]
[White "Sierra Mejia, Juan Pablo"]
[Black "Gonzalez Mojica, Renan Arturo"]
[Result "1-0"]
[WhiteElo "2151"]
[BlackElo "1519"]
[PlyCount "73"]
[EventDate "2019.10.11"]
[EventType "swiss"]
[EventRounds "8"]
[EventCountry "COL"]
[SourceTitle "CBM 192 Extra"]
[Source "Chessbase"]
[SourceDate "2019.11.06"]
[SourceVersion "1"]
[SourceVersionDate "2019.11.06"]
[SourceQuality "1"]

1. d4 d6 2. Nf3 g6 3. c4 Bg7 4. Nc3 Nf6 5. e4 0-0 6. Be2 Nc6 7. 0-0 e5 8. d5 Ne7 9. Bg5 h6 10. Bxf6 Bxf6 11. Rc1 Bg7 12. b4 f5 13. Nd2 fxe4 14. Ndxe4 Bf5 15. f3 Bxe4 16. fxe4 a6 17. c5 a5 18. a3 axb4 19. axb4 Rxf1+ 20. Qxf1 c6 21. Rd1 cxd5 22. Nxd5 Nc6 23. Nb6 Ra3 24. Rxd6 Qg5 25. Nd5 Nd4 26. Rxg6 Nxe2+ 27. Qxe2 Qc1+ 28. Qf1 Qb2 29. Rxg7+ Kxg7 30. Qf6+ Kh7 31. Qf7+ Kh8 32. h4 Ra2 33. Qf8+ Kh7 34. Nf6+ Kg6 35. h5+ Kg5 36. Qg7+ Kf4 37. Qxh6+ 1-0

[Event "Medellin U2000 op"]
[Site "Medellin"]
[Date "2019.10.??"]
[Round "2.10"]
[White "Sierra Mejia, Juan Pablo"]
[Black "Benjumea, David"]
[Result "1-0"]
[WhiteElo "1735"]
[BlackElo "1673"]
[PlyCount "71"]
[EventDate "2019.10.19"]
[EventType "swiss"]
[EventRounds "7"]
[EventCountry "COL"]
[SourceTitle "EXT 2024"]
[Source "ChessBase"]
[SourceDate "2023.10.10"]
[SourceVersion "1"]
[SourceVersionDate "2023.10.10"]
[SourceQuality "1"]

1. d4 d5 2. e3 e6 3. Bd3 Nf6 4. f4 Nbd7 5. Nf3 Be7 6. c3 0-0 7. Nbd2 c5 8. 0-0 b6 9. Ne5 Bb7 10. Rf3 Ne4 11. Rh3 f6 12. Nxd7 Qxd7 13. Qh5 h6 14. Qg6 Nxd2 15. Bxd2 f5 16. Rxh6 Rf6 17. Qh7+ Kf7 18. Rxf6+ Bxf6 19. g4 fxg4 20. Qg6+ Ke7 21. Qxg4 c4 22. Bc2 Qb5 23. Bc1 Rh8 24. a4 Qe8 25. b3 Rh4 26. Ba3+ Kd7 27. Qg3 Qh5 28. Bd1 Qh7 29. Bg4 cxb3 30. f5 e5 31. Rf1 Kc6 32. Qxe5 Rxg4+ 33. Kh1 Kd7 34. Qd6+ Kc8 35. Qe6+ Kc7 36. Bd6+ 1-0

[Event "Medellin Aristizabal Cup"]
[Site "Medellin"]
[Date "2019.06.24"]
[Round "6"]
[White "Sierra Mejia, Juan Pablo"]
[Black "Pedraza, Yonnattanth"]
[Result "1/2-1/2"]
[WhiteElo "2172"]
[BlackElo "2112"]
[PlyCount "148"]
[EventDate "2019.06.21"]
[EventType "swiss"]
[EventRounds "7"]
[EventCountry "COL"]
[SourceTitle "EXT 2020"]
[Source "ChessBase"]
[SourceDate "2019.10.17"]
[SourceVersion "1"]
[SourceVersionDate "2019.10.17"]
[SourceQuality "1"]

1. d4 d5 2. c4 e6 3. Nc3 Nf6 4. cxd5 exd5 5. Bg5 Nbd7 6. e3 Be7 7. Bd3 c6 8. Qc2 h6 9. Bh4 Nh5 10. Bxe7 Qxe7 11. Nge2 Nb6 12. 0-0 0-0 13. a3 a5 14. b3 Be6 15. Rfe1 Rfe8 16. Nc1 Qg5 17. Bf1 Bf5 18. Nd3 Nf6 19. Qb2 Ng4 20. Nc5 Re7 21. Rac1 Rae8 22. Qd2 Nc8 23. Bd3 Nd6 24. h3 Nf6 25. Bxf5 Nxf5 26. Kh1 Nh4 27. Rg1 Nf5 28. g4 Qh4 29. Kh2 Rxe3 30. fxe3 Rxe3 31. Qg2 Rg3 32. Qxg3 Nxg3 33. Rxg3 Qg5 34. Rc2 Qf4 35. Ne2 Qf2+ 36. Kh1 Qe1+ 37. Kg2 Qd1 38. Rb2 b6 39. Nd3 Ne4 40. Re3 Nd2 41. Ng3 Ne4 42. Nxe4 dxe4 43. Nf2 Qxd4 44. Rbe2 h5 45. Nxe4 hxg4 46. hxg4 c5 47. Kf3 Qd1 48. Nf2 Qd5+ 49. Kg3 Qd6+ 50. Kg2 Qd5+ 51. Rf3 c4 52. bxc4 Qxc4 53. Re4 Qd5 54. Re8+ Kh7 55. Re7 f6 56. Re4 b5 57. Rh3+ Kg6 58. Rh5 Qc6 59. a4 bxa4 60. Rxa5 a3 61. Rxa3 f5 62. gxf5+ Kxf5 63. Ra5+ Kg6 64. Rae5 Kh7 65. Nh3 Qb7 66. Kg3 Qc7 67. Kh4 Qd8+ 68. Ng5+ Kg6 69. Re6+ Kf5 70. R4e5+ Kf4 71. Re8 Qf6 72. Re4+ Kf5 73. Rg4 Qh6+ 74. Kg3 Qd6+ 1/2-1/2

[Event "Medellin Aristizabal Cup"]
[Site "Medellin"]
[Date "2019.01.26"]
[Round "7"]
[White "Martinez, Mauricio"]
[Black "Sierra Mejia, Juan Pablo"]
[Result "0-1"]
[WhiteElo "1978"]
[BlackElo "2173"]
[PlyCount "82"]
[EventDate "2019.01.24"]
[EventType "swiss"]
[EventRounds "7"]
[EventCountry "COL"]
[SourceTitle "EXT 2020"]
[Source "ChessBase"]
[SourceDate "2019.10.17"]
[SourceVersion "1"]
[SourceVersionDate "2019.10.17"]
[SourceQuality "1"]

1. e4 e5 2. Nf3 Nc6 3. d4 exd4 4. Bc4 Bc5 5. Ng5 Nh6 6. Qh5 Qe7 7. 0-0 Ne5 8. Bb3 d6 9. h3 Bd7 10. f4 Nc6 11. f5 0-0-0 12. f6 gxf6 13. Qxh6 fxg5 14. Bxg5 Qxe4 15. Nd2 Qg6 16. Qxg6 fxg6 17. Bxd8 Kxd8 18. Kh2 Ne5 19. Ne4 Bb6 20. Ng5 Be8 21. a4 a6 22. Nf7+ Bxf7 23. Bxf7 d3 24. cxd3 Nxd3 25. b3 Ne5 26. Bc4 Bd4 27. Rad1 c5 28. Bd5 Kc7 29. b4 b5 30. axb5 axb5 31. Rf4 Bc3 32. bxc5 dxc5 33. Kg1 Rd8 34. Bb3 c4 35. Rxd8 Kxd8 36. Ba2 Ke7 37. Kf1 Kd6 38. Rh4 h5 39. Ke2 Kd5 40. Bb1 b4 41. g4 Be1 0-1

[Event "Medellin Raza op 8th"]
[Site "Medellin"]
[Date "2018.10.07"]
[Round "7"]
[White "Sierra Mejia, Juan Pablo"]
[Black "Nino, Juan Camilo"]
[Result "1/2-1/2"]
[WhiteElo "2172"]
[BlackElo "2065"]
[PlyCount "38"]
[EventDate "2018.10.04"]
[EventType "swiss"]
[EventRounds "7"]
[EventCountry "COL"]
[SourceTitle "CBM 186 Extra"]
[Source "ChessBase"]
[SourceDate "2018.08.24"]
[SourceVersion "1"]
[SourceVersionDate "2018.08.24"]
[SourceQuality "1"]

1. d4 e6 2. c4 Nf6 3. Nf3 b6 4. a3 Bb7 5. Nc3 Be7 6. d5 d6 7. e4 Nbd7 8. Bd3 Ne5 9. Nxe5 dxe5 10. 0-0 0-0 11. f4 exd5 12. exd5 exf4 13. Bxf4 Ne8 14. Rf3 Bg5 15. Qc2 h6 16. Raf1 Bxf4 17. Rxf4 Nd6 18. Ne4 Nxe4 19. Bxe4 Qe7 1/2-1/2

[Event "Medellin Flores op 25th"]
[Site "Medellin"]
[Date "2018.08.05"]
[Round "4"]
[White "Sierra Mejia, Juan Pablo"]
[Black "Rivera, Alberto"]
[Result "0-1"]
[WhiteElo "2173"]
[BlackElo "2325"]
[PlyCount "98"]
[EventDate "2018.08.03"]
[EventType "swiss"]
[EventRounds "9"]
[EventCountry "COL"]
[SourceTitle "CBM 185 Extra"]
[Source "ChessBase"]
[SourceDate "2018.07.29"]
[SourceVersion "1"]
[SourceVersionDate "2018.07.29"]
[SourceQuality "1"]

1. d4 Nf6 2. c4 c5 3. d5 e6 4. Nc3 exd5 5. cxd5 g6 6. Nf3 d6 7. Nd2 Nbd7 8. a4 Bg7 9. a5 0-0 10. Nc4 Ne8 11. Bf4 Ndf6 12. h3 Qe7 13. e3 Nd7 14. Ra4 Ne5 15. Bxe5 Bxe5 16. Nxe5 Qxe5 17. Re4 Qf6 18. Qb3 Rb8 19. Nb5 Qd8 20. Ra4 Bd7 21. Ra2 a6 22. Nc3 b5 23. axb6 Rxb6 24. Qc2 Qg5 25. h4 Qg4 26. Qe4 Nf6 27. Qxg4 Bxg4 28. Bc4 Bd7 29. b3 Bb5 30. Kd2 Bxc4 31. bxc4 Rb4 32. Rxa6 Rd8 33. Rb1 Rxc4 34. f3 Rxh4 35. Rbb6 Rh2 36. Rxd6 Rxg2+ 37. Kd3 Rxd6 38. Rxd6 Kg7 39. Rd8 h5 40. e4 h4 41. e5 Nh5 42. d6 h3 43. d7 h2 44. Rg8+ Kxg8 45. d8Q+ Kg7 46. Qh4 Nf4+ 47. Qxf4 h1Q 48. Kc4 Qh3 49. Nd5 Qe6 0-1

[Event "Medellin Aristizabal Cup"]
[Site "Medellin"]
[Date "2018.07.07"]
[Round "5"]
[White "Salas, Juan David"]
[Black "Sierra Mejia, Juan Pablo"]
[Result "0-1"]
[WhiteElo "2082"]
[BlackElo "2132"]
[PlyCount "118"]
[EventDate "2018.07.04"]
[EventType "swiss"]
[EventRounds "7"]
[EventCountry "COL"]
[SourceTitle "CBM 185 Extra"]
[Source "ChessBase"]
[SourceDate "2018.07.29"]
[SourceVersion "1"]
[SourceVersionDate "2018.07.29"]
[SourceQuality "1"]

1. d4 d5 2. c4 e6 3. Nc3 Nf6 4. Bg5 Nbd7 5. cxd5 exd5 6. e3 c6 7. Bd3 Be7 8. Nf3 0-0 9. 0-0 Re8 10. Qc2 Nf8 11. h3 Ne4 12. Bf4 Ng5 13. Qd1 Nxf3+ 14. Qxf3 Bd6 15. a3 Bxf4 16. Qxf4 Be6 17. b4 Rc8 18. Rfc1 Nd7 19. Na4 Qe7 20. Nc5 Nb8 21. Rc3 Rcd8 22. Rac1 g6 23. Qh6 Bc8 24. Qf4 Qd6 25. Qh4 Qe7 26. Qg3 Qd6 27. Qf3 Kg7 28. Bb1 Re7 29. Qe2 f5 30. Qb2 Nd7 31. Nd3 Nf6 32. Rb3 Bd7 33. Nc5 Be8 34. Bd3 f4 35. exf4 Qxf4 36. a4 a6 37. b5 axb5 38. axb5 Ra8 39. Rd1 b6 40. Na6 cxb5 41. Nb4 Bd7 42. Nc2 Rf8 43. Ne3 Qg5 44. Bf1 Ne4 45. f3 Nd6 46. Ng4 h5 47. Ne5 Be8 48. Re1 Qg3 49. Rbe3 Nf5 50. R3e2 Nh4 51. Qa3 Rxe5 52. Rxe5 Nxf3+ 53. Qxf3 Rxf3 54. Rxe8 Qf2+ 55. Kh1 Rf8 56. R8e7+ Rf7 57. Bxb5 Rxe7 58. Rxe7+ Kf6 59. Rd7 Qxd4 0-1

[Event "Medellin Aristizabal Cup"]
[Site "Medellin"]
[Date "2018.07.06"]
[Round "3"]
[White "Gomez, Jhon D"]
[Black "Sierra Mejia, Juan Pablo"]
[Result "0-1"]
[WhiteElo "2060"]
[BlackElo "2132"]
[PlyCount "126"]
[EventDate "2018.07.04"]
[EventType "swiss"]
[EventRounds "7"]
[EventCountry "COL"]
[SourceTitle "CBM 185 Extra"]
[Source "ChessBase"]
[SourceDate "2018.07.29"]
[SourceVersion "1"]
[SourceVersionDate "2018.07.29"]
[SourceQuality "1"]

1. e4 e5 2. Nf3 Nc6 3. Bc4 Bc5 4. d3 d6 5. Be3 Bb6 6. c3 Nf6 7. 0-0 0-0 8. Bg5 Be6 9. Nbd2 Qe7 10. a4 a6 11. Bd5 Nd8 12. Nc4 Ba7 13. d4 exd4 14. Nxd4 h6 15. Bh4 Re8 16. Bxe6 fxe6 17. e5 dxe5 18. Nxe5 Nf7 19. Ndf3 Qd6 20. Nxf7 Kxf7 21. Qb3 Qb6 22. Ne5+ Kg8 23. Qc2 Nd5 24. Rae1 Ne7 25. g4 Nd5 26. c4 Nf4 27. Re4 Rf8 28. c5 Qxc5 29. Qxc5 Bxc5 30. Nd7 Bd6 31. Nxf8 Kxf8 32. Bg3 e5 33. Bxf4 exf4 34. h4 b5 35. Rd1 Rb8 36. Rd2 Kf7 37. h5 Rb6 38. Kg2 Rc6 39. axb5 axb5 40. Rd5 b4 41. Rd2 Ra6 42. Kf3 Ra5 43. Ke2 Kf6 44. Kf3 Kf7 45. Rd3 Kf6 46. Re2 Be5 47. Rd7 Bd6 48. Ke4 Re5+ 49. Kd3 Rd5+ 50. Kc4 Rd1 51. Re8 Rg1 52. f3 Rc1+ 53. Kd3 Rf1 54. Rg8 Rxf3+ 55. Ke4 Re3+ 56. Kd4 Be5+ 57. Kc4 Kg5 58. Rdxg7+ Bxg7 59. Rxg7+ Kh4 60. Kd4 Re2 61. Rg6 f3 62. Rxh6 Kxg4 63. Rf6 Rxb2 0-1

[Event "Medellin Aristizabal Cup"]
[Site "Medellin"]
[Date "2018.07.05"]
[Round "2"]
[White "Sierra Mejia, Juan Pablo"]
[Black "Toro Castaneda, Miguel Angel"]
[Result "1-0"]
[WhiteElo "2132"]
[BlackElo "1929"]
[PlyCount "63"]
[EventDate "2018.07.04"]
[EventType "swiss"]
[EventRounds "7"]
[EventCountry "COL"]
[SourceTitle "CBM 185 Extra"]
[Source "ChessBase"]
[SourceDate "2018.07.29"]
[SourceVersion "1"]
[SourceVersionDate "2018.07.29"]
[SourceQuality "1"]

1. d4 Nf6 2. Bg5 g6 3. Bxf6 exf6 4. c4 Bg7 5. e3 0-0 6. Nc3 d6 7. g3 Nd7 8. Bg2 Re8 9. Nge2 f5 10. Qd3 c6 11. b4 Qb6 12. b5 Nf8 13. Rb1 Qc7 14. 0-0 Bd7 15. Rfc1 Ne6 16. bxc6 bxc6 17. Nd5 Qa5 18. Rb7 Rad8 19. Nb4 Rb8 20. Rxd7 Rxb4 21. Bxc6 Rc8 22. Bd5 Qxa2 23. e4 fxe4 24. Qxe4 Re8 25. Qf3 Ng5 26. Qg4 Qxe2 27. Qxg5 Rf8 28. Qf4 Qe8 29. Rxa7 Rb6 30. Rca1 Kh8 31. Kg2 f5 32. Rxg7 1-0

[Event "Medellin Raza op 7th"]
[Site "Medellin"]
[Date "2017.10.22"]
[Round "9"]
[White "Sierra Mejia, Juan Pablo"]
[Black "Toro Castaneda, Elizabeth"]
[Result "1-0"]
[WhiteElo "2126"]
[BlackElo "1896"]
[PlyCount "51"]
[EventDate "2017.10.18"]
[EventType "swiss"]
[EventRounds "9"]
[EventCountry "COL"]
[SourceTitle "CBM 181 Extra"]
[Source "ChessBase"]
[SourceDate "2017.12.12"]
[SourceVersion "1"]
[SourceVersionDate "2017.12.12"]
[SourceQuality "1"]

1. d4 Nf6 2. c4 d6 3. Nc3 g6 4. e4 Bg7 5. Nf3 0-0 6. Be2 Nc6 7. 0-0 e5 8. d5 Ne7 9. Bg5 Nh5 10. g3 h6 11. Bd2 Bh3 12. Re1 f5 13. Kh1 f4 14. Ng1 Bd7 15. Bxh5 gxh5 16. Qxh5 Qc8 17. Qe2 f3 18. Qf1 Ng6 19. Re3 Bg4 20. Nd1 h5 21. h3 Bd7 22. Rxf3 Rxf3 23. Nxf3 Bxh3 24. Qd3 Nf4 25. gxf4 Qg4 26. Ne1 1-0

[Event "Medellin Raza op 7th"]
[Site "Medellin"]
[Date "2017.10.18"]
[Round "1"]
[White "Garcia Pantoja, Roberto"]
[Black "Sierra Mejia, Juan Pablo"]
[Result "1-0"]
[WhiteElo "2481"]
[BlackElo "2126"]
[PlyCount "47"]
[EventDate "2017.10.18"]
[EventType "swiss"]
[EventRounds "9"]
[EventCountry "COL"]
[SourceTitle "CBM 181 Extra"]
[Source "ChessBase"]
[SourceDate "2017.12.12"]
[SourceVersion "1"]
[SourceVersionDate "2017.12.12"]
[SourceQuality "1"]

1. d4 Nf6 2. Bf4 d5 3. e3 e6 4. Nd2 Bd6 5. Ngf3 b6 6. Ne5 Bb7 7. Bb5+ c6 8. Bd3 0-0 9. Qf3 c5 10. c3 Ba6 11. Bc2 Qc7 12. Qh3 g6 13. Bh6 cxd4 14. exd4 Re8 15. f4 Nfd7 16. Ndf3 f6 17. Nxg6 hxg6 18. Qg3 Re7 19. Qxg6+ Kh8 20. Qh5 Kg8 21. Qg4+ Kh8 22. Nh4 f5 23. Ng6+ Kh7 24. Nxe7 1-0

[Event "Medellin Aristizabal Cup"]
[Site "Medellin"]
[Date "2017.09.08"]
[Round "3"]
[White "Ossa, Vladimir"]
[Black "Sierra Mejia, Juan Pablo"]
[Result "0-1"]
[WhiteElo "2003"]
[BlackElo "2091"]
[PlyCount "74"]
[EventDate "2017.09.06"]
[EventType "swiss"]
[EventRounds "7"]
[EventCountry "COL"]
[SourceTitle "CBM 180 Extra"]
[Source "ChessBase"]
[SourceDate "2017.10.06"]
[SourceVersion "1"]
[SourceVersionDate "2017.10.06"]
[SourceQuality "1"]

1. e4 e5 2. Nf3 Nc6 3. d4 exd4 4. Nxd4 Bc5 5. Nb3 Bb6 6. Nc3 Nge7 7. Bg5 f6 8. Bh4 0-0 9. f4 Kh8 10. Qd2 d5 11. exd5 Nb4 12. 0-0-0 Bf5 13. Na1 c6 14. dxc6 Qxd2+ 15. Kxd2 Rad8+ 16. Ke1 Nexc6 17. Rxd8 Rxd8 18. a3 Nxc2+ 19. Nxc2 Bxc2 20. Bf2 Nd4 21. Bc4 Bf5 22. Kf1 Rc8 23. Bd5 Re8 24. g3 Bh3+ 25. Bg2 Bc8 26. Nd5 Bf5 27. Be3 Nc2 28. Bxb6 Bd3+ 29. Kf2 Re2+ 30. Kf3 axb6 31. Rd1 Nd4+ 32. Kg4 Bf5+ 33. Kh4 Rxg2 34. h3 Nf3+ 35. Kh5 Rxg3 36. Ne7 Bg6+ 37. Nxg6+ hxg6# 0-1

[Event "Medellin Flores op 24th"]
[Site "Medellin"]
[Date "2017.08.07"]
[Round "8"]
[White "Sierra Mejia, Juan Pablo"]
[Black "Blandon, Luis Guillermo"]
[Result "0-1"]
[WhiteElo "2090"]
[BlackElo "2270"]
[PlyCount "76"]
[EventDate "2017.08.03"]
[EventType "swiss"]
[EventRounds "9"]
[EventCountry "COL"]
[SourceTitle "CBM 179 Extra"]
[Source "ChessBase"]
[SourceDate "2017.08.23"]
[SourceVersion "1"]
[SourceVersionDate "2017.08.23"]
[SourceQuality "1"]

1. d4 Nf6 2. Bg5 Ne4 3. Bh4 c5 4. f3 g5 5. fxe4 gxh4 6. Nc3 Nc6 7. e3 Bh6 8. Nd5 e6 9. Qh5 Bg7 10. Nf4 cxd4 11. 0-0-0 Qf6 12. Ngh3 dxe3 13. c3 Bh6 14. Ne2 Ne5 15. g3 b6 16. Bg2 Ba6 17. Kc2 Bg7 18. Rhe1 Rc8 19. Qxh4 Qxh4 20. gxh4 Bf6 21. Nef4 Bxh4 22. Rxe3 Ng4 23. Rf3 Nxh2 24. Re3 Ng4 25. Rf3 Bb7 26. Rfd3 Ne5 27. R3d2 Rg8 28. Bh1 Rg3 29. Kb1 Ke7 30. Rh2 Re3 31. Re2 Rxe2 32. Nxe2 Rg8 33. Nhf4 Rg4 34. Rd4 Bg5 35. Nh3 Be3 36. Ra4 b5 37. Ra5 Bc6 38. Nd4 Rg3 0-1

[Event "Medellin Flores op 24th"]
[Site "Medellin"]
[Date "2017.08.05"]
[Round "4"]
[White "Hernandez Pinzon, Helvert"]
[Black "Sierra Mejia, Juan Pablo"]
[Result "1-0"]
[WhiteElo "2002"]
[BlackElo "2090"]
[PlyCount "63"]
[EventDate "2017.08.03"]
[EventType "swiss"]
[EventRounds "9"]
[EventCountry "COL"]
[SourceTitle "CBM 179 Extra"]
[Source "ChessBase"]
[SourceDate "2017.08.23"]
[SourceVersion "1"]
[SourceVersionDate "2017.08.23"]
[SourceQuality "1"]

1. e4 e5 2. Nf3 Nc6 3. d4 exd4 4. Nxd4 Bc5 5. Be3 Bb6 6. Bc4 Nge7 7. Nc3 0-0 8. Qd2 Kh8 9. f4 d6 10. 0-0-0 Nxd4 11. Bxd4 Nc6 12. Bxb6 axb6 13. h3 Be6 14. Bd5 Bxd5 15. exd5 Nb4 16. a3 Na6 17. Rde1 Qd7 18. Re2 b5 19. Qd4 c5 20. dxc6 bxc6 21. Rd1 d5 22. Rde1 Qd6 23. Re5 b4 24. Ne4 Qh6 25. Ng3 bxa3 26. bxa3 Qd6 27. R1e3 Nc7 28. Rg5 f6 29. Nf5 c5 30. Qd2 Qxf4 31. Rxg7 Ne8 32. Rxh7+ 1-0

[Event "Medellin Easter op 7th"]
[Site "Medellin"]
[Date "2017.04.14"]
[Round "5"]
[White "Sierra Mejia, Juan Pablo"]
[Black "Torres, Juan Camilo"]
[Result "0-1"]
[WhiteElo "2096"]
[BlackElo "2267"]
[PlyCount "58"]
[EventDate "2017.04.12"]
[EventType "swiss"]
[EventRounds "8"]
[EventCountry "COL"]
[SourceTitle "CBM 177 Extra"]
[Source "ChessBase"]
[SourceDate "2017.04.27"]
[SourceVersion "1"]
[SourceVersionDate "2017.04.27"]
[SourceQuality "1"]

1. d4 d5 2. c4 c6 3. Nc3 Nf6 4. Nf3 dxc4 5. a4 Bf5 6. Ne5 Nbd7 7. Nxc4 Qc7 8. g3 e5 9. dxe5 Nxe5 10. Bf4 Nfd7 11. Bg2 g5 12. Ne3 gxf4 13. Nxf5 0-0-0 14. Qc2 Kb8 15. a5 a6 16. 0-0 fxg3 17. hxg3 h5 18. Rfc1 Ng4 19. Ra4 Ndf6 20. Rc4 h4 21. Qb3 hxg3 22. fxg3 Ne5 23. Ra4 Rh5 24. e4 Bc5+ 25. Kf1 Nfg4 26. Ne2 Nd3 27. Bf3 Nxc1 28. Nxc1 Rxf5 29. exf5 Qxg3 0-1